000 00494nam a2200193Ia 4500
003 GCL
008 140319s9999 xx 000 0 eng d
040 _aGCL /
_cGCL
082 0 4 _aCH
_b823.087
_bS B
100 1 _aSCORRY, RICHARD
245 1 0 _aBUSY, BUSY WORLD /
_cSCORRY, RICHARD
260 _a[S.N] :
_bDEAN PART OF REED INTERNATIONAL BOOKS LT ،
_c1992
300 _a92
650 0 4 _aREADING
650 0 4 _aCHILDREN
650 0 4 _aENGLISH LANGUAGE
650 0 4 _aTALES
942 _2ddc
_cBK
999 _c17778
_d17778